| 000 | 00845 a2200181 4500 | ||
|---|---|---|---|
| 003 | NUST | ||
| 005 | 20221202143210.0 | ||
| 020 | _a0333483170 | ||
| 040 | _cNust | ||
| 082 | _a537,POW | ||
| 100 |
_aPowell, R. G. _9104026 |
||
| 245 |
_aElectromagnetism / _cR. G. Powell |
||
| 260 |
_aLondon _bMacmillan _c1990 |
||
| 300 | _axiii, 367 p.: | ||
| 505 | _aRevision and Basic Background Information (Page-1), Electrostatic Fields-1 (Page-39), Electrostatic Fields-2 (Page-75), Condition Fields (Page-119), Stationary Magnetic Fields 1 (in a vacuum) (Page-143), Stationary Magnetic Fields 2 (in ferromagnetic media) (Page-177), Electromagnetic Induction (Page-217), Application of Faraday Laws-1 transformers) (Page-265), Application of Faraday Laws-2 (rotating machines) (Page-303). | ||
| 650 | _aElectromagnetism | ||
| 942 |
_2ddc _cBK _k537,POW |
||
| 999 |
_c179251 _d179251 |
||